000 00738nam a2200217 a 4500
001 000021514
005 20200930011343.0
008 100908s1976 sp r 000 p spa d
040 _aDO-SdBNP
_bspa
_cBNPHU
082 _a861.64
_bJ614s
100 1 _aJiménez, Juan Ramón,
_d1881-1958.
_98948
245 1 0 _aSegunda antolojía poética (1898-1918) /
_cJuan Ramón Jiménez ; prólogo Leopoldo de Luis.
260 _aMadrid :
_bEspasa-Calpe,
_c1976.
300 _a294 p. ;
_c18 cm.
490 1 _aSelecciones austral
_apoesía
_v6
650 4 _aPoesía española
_9631
650 4 _aLiteratura española
_ySIGLO XX
_93326
700 1 _aLuis, Leopoldo de
_epról
_924716
830 0 _aSelecciones austral ;
_ppoesía
_v6
_944834
049 _aBNGR
999 _c21014
_d21014